ISO 9000: 2000 : an A-Z guide /

Bibliographic Details
Main Author: Hoyle, David
Corporate Author: Elsevier Science Publishers
Format: eBook
Language:English
Published: Oxford ; Boston : Butterworth-Heinemann, 2003.
Subjects:
Online Access:Connect to the full text of this electronic book

MARC

Tag First Indicator Second Indicator Subfields
LEADER 00000cam a2200000Ka 4500
001 in00002425158
005 20190327171600.0
006 m d
007 cr un|||||||||
008 041215s2003 enka sf 000 0 eng d
029 1 |a NZ1  |b 10533926 
035 |a (OCoLC)ocm57239936 
035 |a (OCoLC)57239936 
040 |a EEICP  |c EEICP  |d UtOrBLW 
049 |a TEFA 
050 1 4 |a TS156.6  |b .H686 2003eb 
082 0 4 |a 658.5/62  |2 22 
100 1 |a Hoyle, David. 
245 1 0 |a ISO 9000: 2000 :  |b an A-Z guide /  |c David Hoyle. 
264 1 |a Oxford ;  |a Boston :  |b Butterworth-Heinemann,  |c 2003. 
300 |a 1 online resource (xiv, 155 pages) :  |b illustrations 
336 |a text  |b txt  |2 rdacontent 
337 |a computer  |b c  |2 rdamedia 
338 |a online resource  |b cr  |2 rdacarrier 
500 |a Electronic resource. 
650 0 |a ISO 9000 Series Standards  |v Handbooks, manuals, etc. 
650 0 |a Quality control  |x Standards  |v Handbooks, manuals, etc. 
655 7 |a Electronic books.  |2 local 
710 2 |a Elsevier Science Publishers. 
730 0 |a Referex. 
776 1 |c Original  |z 0750658444  |w (DLC) 2002038518  |w (OCoLC)51059356 
856 4 0 |u http://proxy.library.tamu.edu/login?url=http://www.sciencedirect.com/science/book/9780080509464  |z Connect to the full text of this electronic book  |t 0 
994 |a C0  |b TEF 
999 |a MARS 
999 f f |s 16cb0d11-aea1-345b-bd91-7d5c16b31e1e  |i 533079b9-6a77-3e54-bd8c-61a70a7edabc  |t 0 
952 f f |a Texas A&M University  |b College Station  |c Electronic Resources  |d Available Online  |t 0  |e TS156.6 .H686 2003eb  |h Library of Congress classification 
998 f f |a TS156.6 .H686 2003eb  |t 0  |l Available Online